Biblioteca

Rise up o judge : (Registro nro. 65610)

Detalles MARC
000 -LÍDER
Campo fijo de descripción fija 01796nam a2200373 i 4500
001 - NÚMERO DE CONTROL
Campo de control 768714001
003 - IDENTIFICADOR DEL NÚMERO DE CONTROL
Campo de control CO-MdFUSB
005 - FECHA Y HORA DE LA ULTIMA TRANSACCIÓN
control field 20200603174021.0
007 - CAMPO FIJO DE DESCRIPCIÓN FIJA--INFORMACIÓN GENERAL
Campo fijo de descripción fija ta
008 - ELEMENTOS DE LONGITUD FIJA -- INFORMACIÓN GENERAL
Campo fijo de descripción fija -- Información general 200402t2004 mau |||| |||| 00| 0 eng d
020 ## - NÚMERO INTERNACIONAL NORMALIZADO PARA LIBROS
Número Internacional Normalizado del libro 9781565635302
040 ## - FUENTE DE CATALOGACIÓN
Agencia de catalogación original CO-MdFUSB
Idioma de catalogación spa
Agencia que realiza la transcripción CO-MdFUSB
Agencia que realiza la modificación CO-MdFUSBC
Convenciones de la descripción rda
041 ## - CÓDIGO DE IDIOMA
Código de idioma para texto/pista de sonido o título separado eng
082 ## - NÚMERO DE CLASIFICACIÓN DECIMAL DEWEY
Número de la edición del Dewey 23
Número de clasificación 231.8
Clave de autor-Numero de item N224
100 1# - ASIENTO PRINCIPAL--NOMBRE PERSONAL
Nombre personal Nardoni, Enrique,
Fechas asociadas con el nombre 1924-2002.
Término relacionador autor
245 1# - TÍTULO
Título del Material Rise up o judge :
Parte restante del título - Subtitulo a study of justice in the biblical world
Mención de responsabilidad, etc. / Nardoni, Enrique. ; traducido por Seán Charles Martin.
264 #1 - PRODUCCIÓN, PUBLICACIÓN, DISTRIBUCIÓN, MANUFACTURA, Y COPYRIGHT
Lugar de producción, publicación, distribución, manufactura Massachusetts :
Nombre del productor, publicador, distribuidor Hendrickson Publishers,
Fecha de producción, publicación, distribución, manufactura, o copyright [2004]
264 #4 - PRODUCCIÓN, PUBLICACIÓN, DISTRIBUCIÓN, MANUFACTURA, Y COPYRIGHT
Fecha de producción, publicación, distribución, manufactura, o copyright © 2004
300 ## - DESCRIPCIÓN FÍSICA
Extensión 343 pàginas
Dimensiones ; 23 cm
336 ## - TIPO DE CONTENIDO
Fuente rdacontent
Término de tipo de contenido texto
Código de tipo de contenido txt
337 ## - TIPO DE MEDIO
Fuente rdamedia
Nombre del tipo de medio sin mediación
Código del tipo de medio n
338 ## - TIPO DE SOPORTE
Fuente rdacarrier
Nombre del tipo de soporte volumen
Código Tipo de soporte nc
500 ## - NOTA GENERAL
Nota General Colección Dawn Christina Harrell<br/>
505 ## - NOTA DE CONTENIDO
Nota de contenido con formato preestablecido Justicia en la antigua Mesopotamia. -- Justicia en el antiguo Egipto. -- Éxodo como un evento de liberación de la justicia. -- Normas de justicia en las leyes del pacto. -- Justicia, monarquía y profecía. -- Justicia en los libros de Salmos y Sabiduría. -- Justicia en los escritos apocalípticos. -- Justicia en el ministerio de Jesús de Nazaret. -- Justicia en el Evangelio de Marcos. -- Justicia en el Evangelio de Mateo y la carta de Santiago. -- Justicia en el Evangelio de Lucas y los Hechos de los apóstoles. -- Justicia en las cartas de Pablo. -- Justicia en los escritos de Johannine. -- Conclusión general.
563 ## - NOTA DE ENCUADERNACIÓN
Nota de encuadernación Rùstico
630 07 - TITULO UNIFORME
Título uniforme Biblia
Subdivisión de materia general Crítica, interpretación, etc.
650 #0 - ASIENTO SECUNDARIO DE MATERIA - TERMINO TEMÁTICO
9 (RLIN) 1851
Término temático o nombre geográfico como elemento de entrada Justicia social
650 #7 - ASIENTO SECUNDARIO DE MATERIA - TERMINO TEMÁTICO
9 (RLIN) 280
Término temático o nombre geográfico como elemento de entrada Dios
Subdivisión general Justicia
650 #7 - ASIENTO SECUNDARIO DE MATERIA - TERMINO TEMÁTICO
9 (RLIN) 320
Término temático o nombre geográfico como elemento de entrada Teología bíblica
700 ## - ASIENTO SECUNDARIO - NOMBRE PERSONAL
9 (RLIN) 3233
Nombre personal Martin, Seán Charles
Responsabilidad traductor
942 ## - TIPO DE MATERIAL (KOHA)
Tipo de Item KOHA Libros General
945 ## - INFORMACIÓN LOCAL DEL REGISTRO
Catalogador JTF-925
Existencias
Estado de Material Estado de Perdido Forma de Clasificación Estado de Dañado No para Préstamo Colección Biblioteca de Origen Biblioteca Permanente Fecha de Adquisición Área Total de Préstamos Signatura Topográfica Código de Barras Última vez visto Ejemplar/Existencia Fecha de Remplazo Tipo de Material
    Dewey Decimal Classification     Colección General Biblioteca FUSBC Biblioteca FUSBC 02/04/2020 VIDA CRISTIANA   G 231.8 N224r 21329 02/04/2020 Ej.1 02/04/2020 Libros General

Biblioteca FUSBC | Teléfono: (57+4) 349 88 10 Ext. 141| WhatsApp (+57) 3005338115 
E-mail: biblioteca@unisbc.edu.co | Calle 76 87-14 Robledo Palenque, Medellín, Colombia

Con tecnología Koha